000 00777nam a2200217 i 4500
001 108197
003 ES-MaACL
005 20251019063051.0
007 t|
008 061121s1932 sp r ||||1| spa d
100 1 _aMolotov, Viacheslav Mijaïlovich,
_d1890-1986
_982067
245 1 0 _aRusia 1937 :
_blo que será el segundo Plan Quinquenal /
_cMolotov.
260 _aValencia :
_b[Cuadernos de Cultura],
_c1932 (
_fTip. P. Quiles)
300 _a47 p. ;
_c17 cm.
490 1 _aCuadernos de cultura ;
_v57. Economía ;
_v6
651 4 _aURSS-
_xPolítica económica.
_99477
651 4 _aURSS-
_xSituación económica-
_y1900-1945.
_9172457
830 1 _aCuadernos de cultura
_v57. Economía ;
_v6
_9181245
852 _aES-MaACL
_j1937-F-4
999 _c108197
_d108197